[Event "Euskadi-chTA"]
[Site "Euskadi"]
[Date "2001.01.20"]
[Round "6"]
[White "Alvarado Fernandez, Mikel"]
[Black "Fernandez Mendez, Ignacio"]
[Result "1/2-1/2"]
[WhiteElo "1863"]
[BlackElo "1925"]
[PlyCount "52"]
[EventDate "2000.11.18"]
[EventType "team"]
[EventRounds "9"]
[EventCountry "ESP"]
[SourceTitle "EXT 2006"]
[Source "ChessBase"]
[SourceDate "2005.11.24"]
[SourceVersion "1"]
[SourceVersionDate "2005.11.24"]
[SourceQuality "1"]

1. e4 c5 2. Nf3 Nc6 3. d4 cxd4 4. Nxd4 d6 5. Nc3 Nf6 6. Be2 e5 7. Nb3 Be6 8. 0-0 Be7 9. Be3 0-0 10. f3 d5 11. exd5 Nxd5 12. Nxd5 Qxd5 13. Qe1 Bf5 14. Rd1 Qe6 15. Bd3 Bxd3 16. cxd3 b6 17. d4 exd4 18. Nxd4 Nxd4 19. Bxd4 Qxe1 20. Rfxe1 Bb4 21. Rf1 Rad8 22. Bf2 Bd6 23. Rc1 Be5 24. Rc2 Rd7 25. g3 Rfd8 26. Rfc1 g6 1/2-1/2